00941cam a22002897i 4500001000500000005001700005020001800022040007100040050001400111082001100125100002700136245004900163260003900212300004800251490003100299505000800330520008700338521002000425521002000445650003300465650002800498650002900526650002500555650002000580650002000600655003100620328320241108105656.0 a9780064440585 aYDXCPbengcYDXCPerdadBTCTAdBDXdFOLLTdB@LdZACdNDSdVP@dDLC00aPZ7.L779504a813.541 aLobel, Arnoldeauthor.10aDays with frog and toad /cby Lobel, Arnold  aNew York : bHarperCollins ,c1979 a64 pages : bcolor illustrations ;c24 cm . aAn I can read bookvBook 2 aJ  aFrog and Toad spend their days together, but find sometimes it's nice to be alone. a490 bLexile  aJ bRaz-Plus  0aFriendshipvJuvenile fiction 0aFrogsvJuvenile fiction 0aToadsvJuvenile fiction. 1aFriendshipvFiction. 1aFrogsvFiction. 1aToadsvFiction. 7aReaders (Elementary)2lcsh